=LDR 00000nam 2200000 4500 =001 INLIS000000000047511 =005 20151217100653.0 =006 =007 =008 =020 ##$$a 978-979-27-9977-8 =035 ##$$0010-121500000000052 =040 ##$$a ind =082 ##$$a 813 =090 ##$$a 813 $b Rad r. 2 =100 ##$$a Radford =245 ##$$a Raja Arthur dan Ksatria =250 ##$$a - =260 ##$$a Jakarta $b Gramedia$c 2010 =300 ##$$a 193 hlm $b 20 cm =990 ##$$a 0001/BPAP-NTB/2016